书目信息 |
| 题名: |
通风空调安装工程概预算手册
|
|
| 作者: | 王栋编 | |
| 分册: | ||
| 出版信息: | 北京 中国建筑工业出版社 1996.03 |
|
| 页数: | 212页 | |
| 开本: | 16开 | |
| 丛书名: | ||
| 单 册: | ||
| 中图分类: | TU758-62 | |
| 科图分类: | ||
| 主题词: | ||
| 电子资源: | ||
| ISBN: | 7-112-02399-8 | |
| 000 | 00491nam0 2200157 45 | |
| 001 | 0199002832 | |
| 005 | 20150427084111.13 | |
| 010 | @a7-112-02399-8@d16.00元 | |
| 100 | @a19990804d km y0chiy0120 ea | |
| 101 | 0 | @achi |
| 200 | 1 | @ATONG FENG KONG DIAO AN ZHUANG GONG CHENG GAI YU SUAN SHOU CE@FWANG DONG BIAN@a通风空调安装工程概预算手册@f王栋编 |
| 210 | @a北京@c中国建筑工业出版社@d1996.03 | |
| 215 | @a212页@c无图表@d16开 | |
| 690 | @aTU758-62 | |
| 801 | 0 | @c20061225 |
| 905 | @dTU758-62@eW479@f10 | |
| 通风空调安装工程概预算手册/王栋编.-北京:中国建筑工业出版社,1996.03 |
| 212页:无图表;16开 |
| ISBN 7-112-02399-8:16.00元 |
| ● |
| 相关链接 |
|
|
|
正题名:通风空调安装工程概预算手册
索取号:TU758-62/W479
 
预约/预借
| 序号 | 登录号 | 条形码 | 馆藏地/架位号 | 状态 | 备注 |
| 1 | 24494 | 200043130 | 自科二线404/404自科库 13排1列1层/ [索取号:TU758-62/W479] | 在馆 | |
| 2 | 24495 | 200041105 | 自科二线404/404自科库 12排6列5层/ [索取号:TU758-62/W479] | 在馆 | |
| 3 | 28117 | 200041793 | 建筑库201/201建筑库 43排6列4层/ [索取号:TU758-62/W479] | 在馆 | |
| 4 | 28118 | 200043354 | 自科二线404/404自科库 13排1列1层/ [索取号:TU758-62/W479] | 在馆 | |
| 5 | 28737 | 200042792 | 自科二线404/404自科库 12排6列5层/ [索取号:TU758-62/W479] | 在馆 | |
| 6 | 28738 | 200041846 | 自科二线404/404自科库 12排6列5层/ [索取号:TU758-62/W479] | 在馆 | |
| 7 | 28739 | 200041347 | 自科二线404/404自科库 13排1列1层/ [索取号:TU758-62/W479] | 在馆 | |
| 8 | 28740 | 200041089 | 自科二线404/404自科库 12排6列5层/ [索取号:TU758-62/W479] | 在馆 | |
| 9 | 28741 | 200043489 | 自科二线404/404自科库 12排6列5层/ [索取号:TU758-62/W479] | 在馆 | |
| 10 | 444702 | 204447027 | 能源与建筑环境工程学院资料室/ [索取号:TU758-62/W479] | 在馆 | |
| 11 | 444766 | 204447660 | 能源与建筑环境工程学院资料室/ [索取号:TU758-62/W479] | 在馆 | |
| 12 | 496597 | 204965975 | 能源与建筑环境工程学院资料室/ [索取号:TU758-62/W479] | 在馆 |